000 00774nam a22002777a 4500
001 0074
003 DO-SdBNP
005 20180119092634.0
007 0074
008 151015b sp 1979 xxu||||| |||| 00| 0 spa d
020 _a8426103596
040 _aBPMSU
_bspa
_cBPMSU
092 _axxxxxxx
_bxxxxxx
100 1 4 _aBlyton, Enid
240 1 0 _aFive go off in caravan /
_leng
245 _aLos cinco en la caravana /
_cEnid Blyton ; traducción María Jesús Correas
250 _a9a ed.
260 _aBarcelona, España :
_bJuventud,
_c1979
300 _a187 p. :
_bil.,
_c20 cm.
490 0 _aLos cinco
_v27
700 1 0 _aJesús Requejo, María,
_etr.
830 0 _aLos cinco
_n27
942 _2ddc
_cBK
945 _aInventariado, 2018 / YL
956 _aBrenda Tavárez
999 _c8391
_d8391